书目信息 |
| 题名: |
书路:如何充分利用网络资源
|
|
| 作者: | 邢育森 , 刘海波 编著 | |
| 分册: | ||
| 出版信息: | 沈阳 辽宁科学技术出版社 2000.01 |
|
| 页数: | 236页 | |
| 开本: | 16开 | |
| 丛书名: | ||
| 单 册: | ||
| 中图分类: | TP393.4 | |
| 科图分类: | ||
| 主题词: | 计算机应用 | |
| 电子资源: | ||
| ISBN: | 7-5381-3014-4 | |
| 000 | 00636nam0 2200205 45 | |
| 001 | 0106121086 | |
| 005 | 20010612103129.4 | |
| 010 | @a7-5381-3014-4@d22.00元 | |
| 100 | @a20010612d2000 km y0chiy0120 ea | |
| 101 | 0 | @achi |
| 105 | @a z 000yy | |
| 200 | 1 | @a书路:如何充分利用网络资源@AShu Lu:Ru He Chong Fen Li Yong Wang Luo Zi Yuan@f邢育森,刘海波编著@FXing Yu Sen,Liu Hai Bo Bian Zhu |
| 210 | @a沈阳@c辽宁科学技术出版社@d2000.01 | |
| 215 | @a236页@d16开 | |
| 606 | 0 | @a计算机应用 |
| 690 | @aTP393.4@v3 | |
| 701 | 0 | @a邢育森@4编著 |
| 701 | 0 | @a刘海波@4编著 |
| 801 | @aCN@bPftUser@c20010612 | |
| 905 | @f5@b346863-867@dTP393.4@eX773 | |
| 书路:如何充分利用网络资源/邢育森,刘海波编著.-沈阳:辽宁科学技术出版社,2000.01 |
| 236页;16开 |
| ISBN 7-5381-3014-4:22.00元 |
| ● |
| 相关链接 |
|
|
|
正题名:书路:如何充分利用网络资源
索取号:TP393.4/X773
 
预约/预借
| 序号 | 登录号 | 条形码 | 馆藏地/架位号 | 状态 | 备注 |
| 1 | 346863 | 203468639 | 期刊室512/301自科库 134排2列5层/ [索取号:TP393.4/X773] | 在馆 | |
| 2 | 346864 | 203468648 | 自科二线404/404自科库 18排1列5层/ [索取号:TP393.4/X773] | 在馆 | |
| 3 | 346865 | 203468657 | 自科二线404/404自科库 18排1列5层/ [索取号:TP393.4/X773] | 在馆 | |
| 4 | 346866 | 203468666 | 自科二线404/404自科库 18排1列5层/ [索取号:TP393.4/X773] | 在馆 | |
| 5 | 346867 | 203468675 | 期刊室512/301自科库 134排2列5层/ [索取号:TP393.4/X773] | 在馆 |